Statistics for Indianapolis Colts: Most Passing TDs Each Year

Click here to take the quiz!

General Stats

  • This quiz has been taken 143 times
    (34 since last reset)
  • The average score is 42 of 68

Answer Stats

YearPlayerTDs% Correct
2012Andrew Luck23
100%
2002Peyton Manning27
100%
2015Andrew Luck15
100%
2013Andrew Luck23
100%
2014Andrew Luck40
100%
1998Peyton Manning26
100%
1999Peyton Manning26
100%
2000Peyton Manning33
100%
2001Peyton Manning26
100%
2003Peyton Manning29
100%
2018Andrew Luck39
100%
2004Peyton Manning49
100%
2005Peyton Manning28
100%
2006Peyton Manning31
100%
2007Peyton Manning31
100%
2008Peyton Manning27
100%
2009Peyton Manning33
100%
2010Peyton Manning33
100%
2016Andrew Luck31
100%
2020Philip Rivers24
94%
1966Johnny Unitas22
94%
1957Johnny Unitas24
94%
1967Johnny Unitas20
94%
1964Johnny Unitas19
94%
1963Johnny Unitas20
94%
1962Johnny Unitas23
94%
1961Johnny Unitas16
94%
1960Johnny Unitas25
94%
1959Johnny Unitas32
94%
1965Johnny Unitas23
94%
1958Johnny Unitas19
94%
1956Johnny Unitas9
94%
1969Johnny Unitas12
94%
1970Johnny Unitas14
94%
2019Jacoby Brissett18
76%
2017Jacoby Brissett13
76%
1994Jim Harbaugh9
48%
1995Jim Harbaugh17
48%
1996Jim Harbaugh13
48%
1997Jim Harbaugh10
48%
1981Bert Jones21
36%
1980Bert Jones23
36%
2011Curtis Painter / Dan Orlovsky6
36%
1977Bert Jones17
36%
1976Bert Jones24
36%
1974Bert Jones8
36%
1975Bert Jones18
36%
1993Jeff George8
27%
1992Jeff George7
27%
1991Jeff George10
27%
1990Jeff George16
27%
1968Earl Morrall26
24%
1971Earl Morrall7
24%
1988Chris Chandler8
15%
1985Mike Pagel14
15%
1984Mike Pagel8
15%
1982Mike Pagel5
15%
1983Mike Pagel12
15%
1989Jack Trudeau15
12%
1986Jack Trudeau8
12%
1953Fred Enke8
6%
1979Greg Landry15
6%
1973Marty Domres9
6%
1972Marty Domres11
6%
1987Gary Hogeboom9
6%
1954Gary Kerkorian9
3%
1978Bill Troup10
3%
1955George Shaw10
3%

Score Distribution

Percentile by Number Answered

Percent of People with Each Score

Your Score History

You have not taken this quiz since the last reset